[Event "Isola del Sole op 4th"]
[Site "Grado"]
[Date "2025.06.28"]
[Round "9"]
[White "Beliman, Alexandro"]
[Black "Visakh, Narayanan Rajeswari"]
[Result "1/2-1/2"]
[WhiteElo "2177"]
[BlackElo "2529"]
[PlyCount "42"]
[EventDate "2025.06.22"]
[EventType "swiss"]
[EventRounds "9"]
[EventCountry "ITA"]
[SourceTitle "CB27_2025"]
[SourceDate "2025.07.02"]
[SourceVersion "1"]
[SourceVersionDate "2025.07.02"]
[SourceQuality "1"]

1. d4 Nf6 2. Nf3 e6 3. c4 d5 4. g3 dxc4 5. Bg2 a6 6. 0-0 Nc6 7. a4 Bb4 8. e3 Rb8 9. a5 0-0 10. Bd2 Qe7 11. Qc2 Bxd2 12. Nbxd2 e5 13. dxe5 Nxe5 14. Nxe5 Qxe5 15. Nxc4 Qh5 16. e4 Bh3 17. Bxh3 Qxh3 18. f3 Qe6 19. Rfd1 Rfd8 20. Qc3 Qc6 21. Qb4 Qb5 1/2-1/2

[Event "Munich Whitsun op-A 3rd"]
[Site "Munich"]
[Date "2025.06.12"]
[Round "7"]
[White "Visakh, Narayanan Rajeswari"]
[Black "Amar, Elham"]
[Result "1/2-1/2"]
[WhiteElo "2529"]
[BlackElo "2589"]
[PlyCount "75"]
[EventDate "2025.06.08"]
[EventType "swiss"]
[EventRounds "9"]
[EventCountry "GER"]
[SourceTitle "CB26_2025"]
[SourceDate "2025.06.25"]
[SourceVersion "1"]
[SourceVersionDate "2025.06.25"]
[SourceQuality "1"]

1. d4 Nf6 2. c4 e6 3. Nc3 Bb4 4. e3 0-0 5. Nf3 b6 6. Bd3 Bb7 7. 0-0 c5 8. Nb5 cxd4 9. a3 Be7 10. Nbxd4 d6 11. Be2 Ne4 12. Nd2 Nxd2 13. Bxd2 Nd7 14. Rc1 Rc8 15. b4 Nf6 16. Bf3 Ne4 17. b5 Qd7 18. a4 e5 19. Ne2 Rc7 20. Nc3 Nxc3 21. Rxc3 e4 22. Be2 Rfc8 23. Rc1 d5 24. Bc3 Qe6 25. cxd5 Bxd5 26. Qd2 Bb3 27. a5 bxa5 28. Bxa5 Rc2 29. Rxc2 Rxc2 30. Qe1 Ra2 31. Bc3 h6 32. Bd4 Bf6 33. Bxf6 Qxf6 34. Qb4 Be6 35. Bc4 Qb2 36. Qe7 Ra1 37. Qe8+ Kh7 38. Bxe6 1/2-1/2

[Event "Munich Whitsun op-A 3rd"]
[Site "Munich"]
[Date "2025.06.10"]
[Round "5"]
[White "Visakh, Narayanan Rajeswari"]
[Black "Druska, Juraj"]
[Result "1-0"]
[WhiteElo "2529"]
[BlackElo "2423"]
[PlyCount "89"]
[EventDate "2025.06.08"]
[EventType "swiss"]
[EventRounds "9"]
[EventCountry "GER"]
[SourceTitle "CB26_2025"]
[SourceDate "2025.06.25"]
[SourceVersion "1"]
[SourceVersionDate "2025.06.25"]
[SourceQuality "1"]

1. d4 d5 2. c4 e6 3. Nc3 Nf6 4. Nf3 dxc4 5. e3 a6 6. Bxc4 b5 7. Bb3 Bb7 8. 0-0 Nbd7 9. e4 b4 10. e5 bxc3 11. exf6 Qxf6 12. bxc3 Bd6 13. Ba4 Bxf3 14. Qxf3 Qxf3 15. gxf3 Rb8 16. c4 Rb4 17. Bb3 c5 18. Ba3 cxd4 19. Bxb4 Bxb4 20. Ba4 Ke7 21. Rab1 Rb8 22. Bxd7 Kxd7 23. Rfd1 e5 24. f4 f6 25. fxe5 fxe5 26. Kg2 Rb6 27. Rd3 a5 28. Rg3 Rc6 29. a3 Bd2 30. Rxg7+ Ke6 31. Kf3 d3 32. Rd1 Bf4 33. Rxd3 Rxc4 34. Kg2 h6 35. Ra7 Ra4 36. Rc7 Kf5 37. Rc5 Ke4 38. Rb3 Bd2 39. Kf1 Bf4 40. h3 Kd4 41. Rc2 Bg5 42. Ke2 Be7 43. Re3 Kd5 44. Rd3+ Ke4 45. Rc7 1-0

[Event "FRA-chT Top 16 Basse"]
[Site "Belfort"]
[Date "2025.05.31"]
[Round "3.4"]
[White "Visakh, Narayanan Rajeswari"]
[Black "Hamitevici, Vladimir"]
[Result "1-0"]
[WhiteElo "2507"]
[BlackElo "2423"]
[PlyCount "93"]
[EventDate "2025.05.29"]
[EventType "team-tourn"]
[EventRounds "4"]
[EventCountry "FRA"]
[SourceTitle "CB23_2025"]
[SourceDate "2025.06.04"]
[SourceVersion "1"]
[SourceVersionDate "2025.06.04"]
[SourceQuality "1"]
[WhiteTeam "Metz Fischer"]
[BlackTeam "Vandoeuvre"]
[WhiteTeamCountry "FRA"]
[BlackTeamCountry "FRA"]

1. d4 Nf6 2. Nf3 b6 3. g3 Bb7 4. Bg2 e6 5. 0-0 Be7 6. c4 0-0 7. Nc3 Ne4 8. Bd2 Bf6 9. Qc2 Nxd2 10. Qxd2 d6 11. e4 Nd7 12. Rad1 g6 13. Rfe1 Bg7 14. b3 a6 15. Qc2 Rb8 16. a4 Qe7 17. d5 e5 18. b4 a5 19. bxa5 Bh6 20. axb6 cxb6 21. Rb1 Ba6 22. Rb4 Nc5 23. Reb1 Qc7 24. Bh3 f5 25. exf5 gxf5 26. Nh4 f4 27. Ne4 Kh8 28. Bf5 fxg3 29. hxg3 Rg8 30. Kg2 Nxe4 31. Bxe4 Bg5 32. Rh1 Bxh4 33. Rxh4 Rg7 34. a5 bxa5 35. Rxb8+ Qxb8 36. Bxh7 Qd8 37. Bg6+ Kg8 38. Qf5 Bc8 39. Qh5 Kf8 40. Qh8+ Rg8 41. Qh6+ Rg7 42. Rh5 Qe7 43. Bf5 Bd7 44. Be6 Ke8 45. Rf5 Kd8 46. Qh8+ Be8 47. Rf8 1-0

[Event "Sharjah Masters-A 8th"]
[Site "Sharjah"]
[Date "2025.05.18"]
[Round "2"]
[White "Visakh, Narayanan Rajeswari"]
[Black "Iniyan, Panneerseluam"]
[Result "1-0"]
[WhiteElo "2507"]
[BlackElo "2573"]
[PlyCount "109"]
[EventDate "2025.05.17"]
[EventType "swiss"]
[EventRounds "9"]
[EventCountry "UAE"]
[SourceTitle "CB22_2025"]
[SourceDate "2025.05.28"]
[SourceVersion "1"]
[SourceVersionDate "2025.05.28"]
[SourceQuality "1"]

1. d4 d5 2. Bf4 c5 3. e3 Nc6 4. Nf3 Bg4 5. Nbd2 e6 6. Bb5 cxd4 7. exd4 Bd6 8. Bxd6 Qxd6 9. c3 Nf6 10. 0-0 0-0 11. Re1 h6 12. Bd3 Nh5 13. h3 Nf4 14. Bf1 Bf5 15. Nb3 g5 16. Ne5 f6 17. Ng4 Bxg4 18. Qxg4 Rae8 19. Rad1 h5 20. Qg3 h4 21. Qg4 Rf7 22. Nc5 e5 23. Nd3 Ne6 24. dxe5 fxe5 25. c4 d4 26. b4 Nf4 27. Nxf4 Rxf4 28. Qxg5+ Kf7 29. b5 Na5 30. Be2 Re7 31. c5 Qf6 32. Bh5+ Kf8 33. Qxf6+ Rxf6 34. Bf3 Ke8 35. Re4 Kd7 36. Rde1 Nc4 37. Be2 Na3 38. Bg4+ Kd8 39. Rxe5 Rxe5 40. Rxe5 Nxb5 41. Re4 Ra6 42. Be2 Ra5 43. Bxb5 Rxb5 44. Rxd4+ Kc7 45. Rxh4 Rxc5 46. a4 a5 47. Kf1 b5 48. axb5 Rxb5 49. Rc4+ Kb6 50. g4 Rb1+ 51. Kg2 Rb4 52. Rc1 a4 53. g5 a3 54. Ra1 Ra4 55. g6 1-0

[Event "IND-chT 44th"]
[Site "Ahmedabad"]
[Date "2025.03.09"]
[Round "7.3"]
[White "Pattnayak, Nilsu"]
[Black "Visakh, Narayanan Rajeswari"]
[Result "1/2-1/2"]
[WhiteElo "2115"]
[BlackElo "2514"]
[PlyCount "96"]
[EventDate "2025.03.05"]
[EventType "team-swiss"]
[EventRounds "9"]
[EventCountry "IND"]
[SourceTitle "CB12_2025"]
[SourceDate "2025.03.19"]
[SourceVersion "1"]
[SourceVersionDate "2025.03.19"]
[SourceQuality "1"]
[WhiteTeam "Odisha II"]
[BlackTeam "Railway Sport PB II"]
[WhiteTeamCountry "IND"]
[BlackTeamCountry "IND"]

1. e4 c5 2. Nf3 Nc6 3. Bb5 e6 4. 0-0 Nge7 5. d4 cxd4 6. Nxd4 Ng6 7. Be3 Qc7 8. Nc3 Be7 9. f4 0-0 10. Rf3 Nxd4 11. Qxd4 a6 12. Bd3 b5 13. Raf1 Bb7 14. Rg3 Rac8 15. e5 f5 16. exf6 Bxf6 17. Qb4 Be7 18. Qd4 Bc5 19. Qxc5 Qxc5 20. Bxc5 Rxc5 21. Ne2 b4 22. Re3 Ra5 23. Bc4 Bd5 24. Bb3 Rc5 25. Ba4 Bc6 26. Bxc6 Rxc6 27. c3 Rd6 28. cxb4 Rd2 29. g3 Rc8 30. Nc3 Rxb2 31. Rd1 Nf8 32. Rd6 Rc2 33. Na4 Rxa2 34. Rc3 Rb8 35. Nb6 Rb7 36. Rcd3 h5 37. Nxd7 Nxd7 38. Rxd7 Rxb4 39. Rd2 Rxd2 40. Rxd2 Kf7 41. Ra2 Rb6 42. Kg2 e5 43. fxe5 Ke6 44. Ra5 g5 45. h3 Rb2+ 46. Kf3 Rb3+ 47. Kg2 Rb2+ 48. Kf3 Rb3+ 1/2-1/2

[Event "IND-chT 44th"]
[Site "Ahmedabad"]
[Date "2025.03.08"]
[Round "5.3"]
[White "Harshavardhan, GB."]
[Black "Visakh, Narayanan Rajeswari"]
[Result "1/2-1/2"]
[WhiteElo "2417"]
[BlackElo "2514"]
[PlyCount "90"]
[EventDate "2025.03.05"]
[EventType "team-swiss"]
[EventRounds "9"]
[EventCountry "IND"]
[SourceTitle "CB12_2025"]
[SourceDate "2025.03.19"]
[SourceVersion "1"]
[SourceVersionDate "2025.03.19"]
[SourceQuality "1"]
[WhiteTeam "Airports Authority"]
[BlackTeam "Railway Sport PB II"]
[WhiteTeamCountry "IND"]
[BlackTeamCountry "IND"]

1. e4 e5 2. Nf3 Nc6 3. Bc4 Nf6 4. d3 Bc5 5. c3 a6 6. b4 Ba7 7. a4 d6 8. Nbd2 0-0 9. 0-0 Ne7 10. d4 Ng6 11. Re1 c6 12. Bb2 d5 13. Bb3 exd4 14. cxd4 dxe4 15. Nxe4 Nxe4 16. Rxe4 Bf5 17. Re3 h6 18. Ne5 Nxe5 19. Rxe5 Qf6 20. Qd2 Bb8 21. Ree1 Bd6 22. Bc3 Qg6 23. Qe3 Rad8 24. Ra2 Rd7 25. Qf3 Bg4 26. Qe4 Bf5 27. Qf3 Bg4 28. Qe4 Qxe4 29. Rxe4 Bf5 30. Re1 Rfd8 31. Rd2 Be7 32. d5 cxd5 33. Rxd5 Rxd5 34. Bxd5 Bxb4 35. Bxf7+ Kxf7 36. Bxb4 Rd4 37. Re7+ Kf6 38. Bc3 Kxe7 39. Bxd4 Kf7 40. a5 h5 41. f3 g5 42. Kf2 g4 43. Ke3 gxf3 44. Kf4 Kg6 45. gxf3 Bd7 1/2-1/2

[Event "Titled Tuesday intern op 28th Jan Early"]
[Site "Chess.com INT"]
[Date "2025.01.28"]
[Round "2"]
[White "Visakh, Narayanan Rajeswari"]
[Black "Lasya, Goli"]
[Result "1-0"]
[WhiteElo "2501"]
[BlackElo "2039"]
[PlyCount "65"]
[EventDate "2025.01.28"]
[EventType "swiss (blitz)"]
[EventRounds "11"]
[EventCountry "USA"]
[SourceTitle "CB06_2025"]
[SourceDate "2025.02.05"]
[SourceVersion "1"]
[SourceVersionDate "2025.02.05"]
[SourceQuality "1"]

1. Nf3 Nf6 2. b3 d5 3. Bb2 c6 4. e3 Bf5 5. c4 h6 6. Nc3 e6 7. Be2 Be7 8. 0-0 0-0 9. d3 Re8 10. Rc1 Bh7 11. Rc2 Na6 12. Qa1 dxc4 13. bxc4 Nc5 14. Rd2 a5 15. Ne5 Qc7 16. f4 Bd6 17. Bf3 Red8 18. Kh1 Bf8 19. Rfd1 a4 20. Ne2 a3 21. Bd4 Na4 22. Ng4 Nxg4 23. Bxg4 Nb2 24. Bxb2 axb2 25. Qxb2 Ra3 26. Nd4 e5 27. fxe5 Qxe5 28. Qxb7 Qxe3 29. Nf5 Qf4 30. Ne7+ Bxe7 31. Qxe7 Rf8 32. Bf3 Bf5 33. Qxa3 1-0

[Event "Titled Tuesday intern op 28th Jan Early"]
[Site "Chess.com INT"]
[Date "2025.01.28"]
[Round "6"]
[White "Visakh, Narayanan Rajeswari"]
[Black "Piesik, Piotr"]
[Result "1-0"]
[WhiteElo "2501"]
[BlackElo "2422"]
[PlyCount "121"]
[EventDate "2025.01.28"]
[EventType "swiss (blitz)"]
[EventRounds "11"]
[EventCountry "USA"]
[SourceTitle "CB06_2025"]
[SourceDate "2025.02.05"]
[SourceVersion "1"]
[SourceVersionDate "2025.02.05"]
[SourceQuality "1"]

1. e4 c5 2. Nf3 e6 3. g3 Nc6 4. Bg2 e5 5. c3 g6 6. d4 d6 7. dxe5 dxe5 8. Qxd8+ Kxd8 9. Na3 a6 10. Be3 f6 11. Nc4 Kc7 12. a4 Be6 13. Nfd2 Nh6 14. a5 Ng4 15. Nb6 Rd8 16. Nd5+ Bxd5 17. exd5 Nxe3 18. fxe3 Ne7 19. e4 Nc8 20. Rf1 Be7 21. b4 Rhf8 22. bxc5 Bxc5 23. Ke2 Nd6 24. Nb3 Ba7 25. c4 Rc8 26. c5 Nb5 27. Rac1 Rce8 28. Bh3 Rd8 29. d6+ Kc6 30. Be6 Rb8 31. Bd5+ Kd7 32. Bxb7 Nd4+ 33. Nxd4 exd4 34. Kd3 Bxc5 35. Rxc5 Rxb7 36. Kxd4 Rb4+ 37. Ke3 Kxd6 38. Rfc1 Re8 39. Rc6+ Kd7 40. Rc7+ Kd8 41. Rc8+ Kd7 42. R1c7+ Kd6 43. Rc6+ Kd7 44. R6c7+ Kd6 45. Rxe8 Kxc7 46. Re6 Kb7 47. Rxf6 Rb5 48. Rf7+ Kc6 49. Rxh7 Rxa5 50. Rh6 Ra3+ 51. Kf4 a5 52. Rxg6+ Kd7 53. Rg7+ Ke6 54. Ra7 a4 55. h4 Ra1 56. Kg5 Rg1 57. g4 Ra1 58. h5 a3 59. Kg6 a2 60. g5 Ke5 61. Ra4 1-0

[Event "Staufer op 35th"]
[Site "Schwaebisch Gmuend"]
[Date "2025.01.03"]
[Round "3"]
[White "Besou, Hussain"]
[Black "Visakh, Narayanan Rajeswari"]
[Result "1/2-1/2"]
[WhiteElo "2322"]
[BlackElo "2501"]
[PlyCount "44"]
[EventDate "2025.01.02"]
[EventType "swiss"]
[EventRounds "9"]
[EventCountry "GER"]
[SourceTitle "CB02_2025"]
[SourceDate "2025.01.08"]
[SourceVersion "1"]
[SourceVersionDate "2025.01.08"]
[SourceQuality "1"]

1. d4 Nf6 2. c4 e6 3. Nf3 d5 4. g3 dxc4 5. Bg2 a6 6. 0-0 Nc6 7. e3 Rb8 8. Nfd2 e5 9. Bxc6+ bxc6 10. dxe5 Ng4 11. Nxc4 Be6 12. Qe2 Bxc4 13. Qxc4 Nxe5 14. Qe4 Qd5 15. Nc3 Qxe4 16. Nxe4 f5 17. Nc3 Bb4 18. Ne2 Nf3+ 19. Kg2 Ne1+ 20. Kg1 Nf3+ 21. Kg2 Ne1+ 22. Kg1 Nf3+ 1/2-1/2

[Event "Staufer op 35th"]
[Site "Schwaebisch Gmuend"]
[Date "2025.01.02"]
[Round "1"]
[White "Aepfler, Christian"]
[Black "Visakh, Narayanan Rajeswari"]
[Result "0-1"]
[WhiteElo "2146"]
[BlackElo "2501"]
[PlyCount "118"]
[EventDate "2025.01.02"]
[EventType "swiss"]
[EventRounds "9"]
[EventCountry "GER"]
[SourceTitle "CB02_2025"]
[SourceDate "2025.01.08"]
[SourceVersion "1"]
[SourceVersionDate "2025.01.08"]
[SourceQuality "1"]

1. e4 c5 2. c3 Nf6 3. e5 Nd5 4. Nf3 Nc6 5. d4 cxd4 6. cxd4 d6 7. Bc4 Nb6 8. Bb5 dxe5 9. Nxe5 Bd7 10. Nxd7 Qxd7 11. Nc3 Rd8 12. 0-0 e6 13. Be3 Be7 14. Qf3 a6 15. Bxc6 Qxc6 16. Qxc6+ bxc6 17. Rac1 Kd7 18. Rc2 h5 19. Rfc1 Rc8 20. Kf1 h4 21. h3 Rh5 22. Ne4 Ra5 23. a3 Nd5 24. Nd2 f6 25. Nc4 Rb5 26. b4 Bd8 27. Bd2 g5 28. Ke2 Bc7 29. Kd3 Bd8 30. Ke2 Bc7 31. Kd3 Ne7 32. Rf1 Rd8 33. Re1 Ng6 34. Be3 Ke8 35. Ke2 Ne7 36. Rec1 Kf7 37. Nd2 a5 38. bxa5 Bxa5 39. Nc4 Bc7 40. a4 Rb4 41. Ra2 Nf5 42. Nd2 Nxd4+ 43. Bxd4 Rdxd4 44. Rxc6 Ba5 45. Ra6 Rd5 46. Nf1 f5 47. Ne3 Re5 48. Kd3 f4 49. Nc2 Rb3+ 50. Kd4 Rd5+ 51. Ke4 Rc3 52. Na3 f3 53. gxf3 Rc1 54. f4 g4 55. hxg4 h3 56. f5 Re1+ 57. Kf4 Bc7+ 58. Kg5 h2 59. Ra7 Rxf5+ 0-1

[Event "SRB-chT Premier"]
[Site "Bajina Basta"]
[Date "2024.10.06"]
[Round "10.1"]
[White "Predke, Alexandr"]
[Black "Visakh, Narayanan Rajeswari"]
[Result "1-0"]
[WhiteElo "2671"]
[BlackElo "2504"]
[PlyCount "46"]
[EventDate "2024.09.27"]
[EventType "team-tourn"]
[EventRounds "11"]
[EventCountry "SRB"]
[SourceTitle "EXT 2025"]
[Source "ChessBase"]
[SourceDate "2024.10.14"]
[SourceVersion "1"]
[SourceVersionDate "2024.10.14"]
[SourceQuality "1"]
[WhiteTeam "Belgrade Zmaj"]
[BlackTeam "Kostolac Rudar"]
[WhiteTeamCountry "SRB"]
[BlackTeamCountry "SRB"]

1. c4 Nf6 2. g3 e6 3. Bg2 d5 4. Nf3 dxc4 5. Qa4+ Nbd7 6. Qxc4 a6 7. Qc2 c5 8. Nc3 Qc7 9. d4 b5 10. Bf4 Qa7 11. d5 Nxd5 12. Nxd5 exd5 13. a4 b4 14. e4 d4 15. e5 Bb7 16. 0-0 Be7 17. e6 fxe6 18. Rfe1 0-0 19. Rxe6 Bf6 20. Rae1 Rf7 21. Qc4 Raf8 22. Bd6 Qa8 23. Bxf8 Bd5 1-0

[Event "SRB-chT Premier"]
[Site "Bajina Basta"]
[Date "2024.10.02"]
[Round "6.1"]
[White "Krstulovic, Alex"]
[Black "Visakh, Narayanan Rajeswari"]
[Result "1/2-1/2"]
[WhiteElo "2452"]
[BlackElo "2504"]
[PlyCount "36"]
[EventDate "2024.09.27"]
[EventType "team-tourn"]
[EventRounds "11"]
[EventCountry "SRB"]
[SourceTitle "EXT 2025"]
[Source "ChessBase"]
[SourceDate "2024.10.14"]
[SourceVersion "1"]
[SourceVersionDate "2024.10.14"]
[SourceQuality "1"]
[WhiteTeam "Subotica Spartak"]
[BlackTeam "Kostolac Rudar"]
[WhiteTeamCountry "SRB"]
[BlackTeamCountry "SRB"]

1. d4 Nf6 2. Nf3 d5 3. Bf4 c5 4. e3 Nc6 5. Nbd2 cxd4 6. exd4 a6 7. Be2 Bf5 8. c3 e6 9. 0-0 h6 10. Re1 Bd6 11. Bxd6 Qxd6 12. Nf1 Ne4 13. Ng3 Nxg3 14. hxg3 0-0 15. Bd3 Bxd3 16. Qxd3 Rfe8 17. Ne5 Nxe5 18. Rxe5 f6 1/2-1/2

[Event "Commonwealth-ch"]
[Site "Waskaduwa"]
[Date "2024.09.02"]
[Round "6"]
[White "Vaibhav, Suri"]
[Black "Visakh, Narayanan Rajeswari"]
[Result "1/2-1/2"]
[WhiteElo "2594"]
[BlackElo "2504"]
[PlyCount "79"]
[EventDate "2024.08.28"]
[EventType "swiss"]
[EventRounds "9"]
[EventCountry "SRI"]
[SourceTitle "EXT 2025"]
[Source "ChessBase"]
[SourceDate "2024.10.14"]
[SourceVersion "1"]
[SourceVersionDate "2024.10.14"]
[SourceQuality "1"]

1. d4 Nf6 2. c4 e6 3. Nf3 d5 4. g3 Bb4+ 5. Bd2 Be7 6. Bg2 0-0 7. 0-0 Nbd7 8. Qc2 c6 9. b3 b6 10. Nc3 Ba6 11. e4 dxc4 12. Rfe1 cxb3 13. axb3 Bb7 14. e5 Nd5 15. Nxd5 cxd5 16. h4 Re8 17. g4 Nf8 18. g5 a5 19. Qd3 Ba6 20. Qe3 Qc7 21. Rec1 Qb7 22. h5 Rec8 23. Rcb1 Qc7 24. Ra2 Bb4 25. Bxb4 axb4 26. Rba1 Bb7 27. Rxa8 Bxa8 28. Bf1 Qc3 29. Ra7 Bc6 30. Qxc3 bxc3 31. Ne1 Ra8 32. Rxa8 Bxa8 33. Bb5 h6 34. gxh6 g6 35. hxg6 Nxg6 36. Kf1 Ne7 37. Bd3 Nc6 38. Nc2 Na5 39. Na1 Nc6 40. Nc2 1/2-1/2

[Event "Titled Tuesday intern op 09th Jul Early"]
[Site "Chess.com INT"]
[Date "2024.07.09"]
[Round "9"]
[White "Vaz, Ethan"]
[Black "Visakh, Narayanan Rajeswari"]
[Result "1-0"]
[WhiteElo "2392"]
[BlackElo "2517"]
[PlyCount "45"]
[EventDate "2024.07.09"]
[EventType "swiss (blitz)"]
[EventRounds "11"]
[EventCountry "USA"]
[SourceTitle "EXT 2025"]
[Source "ChessBase"]
[SourceDate "2024.10.14"]
[SourceVersion "1"]
[SourceVersionDate "2024.10.14"]
[SourceQuality "1"]

1. e4 e6 2. d4 d5 3. Nd2 c5 4. exd5 Qxd5 5. Ngf3 cxd4 6. Bc4 Qd6 7. 0-0 Nf6 8. Nb3 Nc6 9. Nbxd4 Nxd4 10. Nxd4 Be7 11. c3 0-0 12. Bb3 Qc7 13. Qf3 Bd7 14. Bf4 e5 15. Bg3 Bg4 16. Qd3 Rad8 17. Rfe1 Bd6 18. Nb5 Qb6 19. Nxd6 Rxd6 20. Qc2 Rfd8 21. Rxe5 Rd2 22. Qc1 Nh5 23. Qxd2 1-0